Estadísticas para Jugadores con más partidos en el Elche C. F.

Haz click aquí para intentar la prueba.

Estadísticas generales

  • Esta prueba ha sido intentada 11 veces
  • La puntuación promedio es 3 de 10

Estadísticas de respuestas

PartidosNacionaliadJugador% Correcto
237EspañaNino
100%
188EspañaEdu Albacar
56%
146EspañaPere Milla
44%
162EspañaEdgar Badia
33%
220EspañaJosan
33%
193EspañaGonzalo Verdú
22%
162EspañaSergio Pelegrín
22%
235EspañaFidel
11%
179EspañaVicente Iborra
0%
153ArgentinaWilly Caballero
0%

Distribución de puntuación

Porcentaje por número respondido

Porcentaje de gente con cada puntuación

Historial de tus puntuaciones

No has intentado esta prueba.